000
00274nam a2200109Ia 4500
005
20251222144624.0
008
251222s9999||||xx |||||||||||||| ||spa||
082
_a
287.3/L15
100
_a
Lafuente Larrauri, Carlos
245
0
_a
La Parroquia de Huanca Y Lluta:
942
_c
LIB
999
_c
16041
_d
16041